Norma pre profesionálov v realitách

Slovenská verzia európskej normy EN 15733 Služby realitných maklérov, požiadavky na poskytovanie služieb realitných maklérov, korá vyšla v júni 2010. Ako vznikla norma. Ciele a zámery normy.

Salvato in:
Dettagli Bibliografici
Autore principale: Litomerická, Adriena
Natura: Capitolo di libro
Lingua:slovacco
Soggetti:
Tags: Aggiungi Tag
Nessun Tag, puoi essere il primo ad aggiungerne!!

MARC

LEADER 00000naa a2200000 4500
001 0129068
005 20230511071431.7
041 0 |a slo 
044 |a SK 
245 1 0 |a Norma pre profesionálov v realitách  |c Adriena Litomerická 
520 |a Slovenská verzia európskej normy EN 15733 Služby realitných maklérov, požiadavky na poskytovanie služieb realitných maklérov, korá vyšla v júni 2010. Ako vznikla norma. Ciele a zámery normy. 
610 2 0 |a normalizácia 
610 2 0 |a normy 
610 2 0 |a nehnuteľnosti 
610 2 0 |a makléri 
610 2 0 |a zákazníci 
610 2 0 |a ochrana spotrebiteľa 
610 2 0 |a služby 
100 1 |a Litomerická, Adriena